Statistics for Tracks on Albums #2: Appetite for Destruction

Click here to take the quiz!

General Stats

  • This quiz has been taken 78 times
  • The average score is 9 of 12

Answer Stats

Track No.Answer% Correct
1Welcome to the Jungle
99%
6Paradise City
94%
9Sweet Child o' Mine
93%
5Mr. Brownstone
84%
12Rocket Queen
79%
7My Michelle
73%
2Its So Easy
67%
3Nightrain
67%
10Youre Crazy
60%
4Out ta Get Me
58%
11Anything Goes
49%
8Think About You
49%

Score Distribution

Percentile by Number Answered

Percent of People with Each Score

Your Score History

You have not taken this quiz